[Event "XVI Cto Aragón Veteranos 2017 Grupo B"]
[Site ""]
[Date "2017.05.06"]
[Round "3"]
[White "Lopez Carcas Jesus"]
[Black "Navarro Rubio Rafael"]
[Result "0-1"]
[WhiteElo "1370"]
[BlackElo "1651"]

1.e4 c5 2.f4 a6 3.a4 e6 4.Nf3 b6 5.Nc3 Bb7 6.d4 cxd4 7.Nxd4 Bb4 8.Qd3 Nf6 9.
Bd2 Bxc3 10.Bxc3 Nxe4 11.Qf3 Qc7 12.O-O-O Nxc3 13.Qxc3 Qxc3 14.bxc3 O-O 15.Rg1
Nc6 16.Nb3 d5 17.Bd3 Rfc8 18.Kb2 Ne7 19.a5 b5 20.Nd4 Rc7 21.Rgf1 Rac8 22.Rf3
Nc6 23.f5 e5 24.Nxc6 Rxc6 25.Be2 d4 26.Rfd3 Rxc3 27.Rxc3 dxc3+ 28.Kb3 Bxg2 29.
Rd6 Bc6 30.f6 gxf6 31.Rxf6 Bd5+ 32.Kb4 Be6 33.Bd3 Kg7 34.Rf3 Bc4 35.Be4 Be6
36.Bb7 Rc4+ 0-1

[Event "XVI Cto Aragón Veteranos 2017 Grupo B"]
[Site ""]
[Date "2017.05.06"]
[Round "3"]
[White "Lorente Latorre Antonio"]
[Black "Serra Casas Jaime"]
[Result "1-0"]
[WhiteElo "1609"]
[BlackElo "1465"]

1.e4 e6 2.d4 d5 3.Nd2 c5 4.Ngf3 a6 5.c3 Nc6 6.g3 Nf6 7.e5 Ne4 8.Bg2 Ng5 9.O-O
h6 10.Nxg5 Qxg5 11.Nf3 Qd8 12.Be3 c4 13.Ne1 b5 14.f4 a5 15.Bh3 Ne7 16.Nf3 Nf5
17.Qe2 Be7 18.Bf2 g5 19.fxg5 hxg5 20.Bg4 Nh6 21.h3 Nf5 22.Nh2 Kd7 23.Be3 Kc6
24.b3 Ra7 25.Bf2 Nh6 26.Qd1 Qg8 27.bxc4 Nxg4 28.cxb5+ Kb6 29.Qxg4 Qg6 30.c4
Kb7 31.c5 a4 32.b6 Ra8 33.Rab1 Bd7 34.Rfc1 Bc6 35.Rb2 f5 36.exf6 Qxf6 37.Re2
Rh6 38.Rce1 Rf8 39.Be3 Qg6 40.Nf3 Qf5 41.Qxf5 Rxf5 42.Kg2 Bb5 43.Rf2 Bd3 44.g4
Rf8 45.Ne5 Be4+ 46.Kg3 Rfh8 47.Rh2 R8h7 48.Rf1 Bf6 49.c6+ Kxb6 50.Nd7+ Rxd7
51.cxd7 Kc7 52.Rhf2 Be7 53.Rf7 Bd6+ 54.Kf2 Rxh3 55.Rc1+ 1-0

[Event "XVI Cto Aragón Veteranos 2017 Grupo B"]
[Site ""]
[Date "2017.05.06"]
[Round "3"]
[White "Cervera Soler Ramon"]
[Black "Beltran Langarita Alfredo"]
[Result "1-0"]
[WhiteElo "1445"]
[BlackElo "1697"]

1.d4 Nf6 2.c4 e6 3.Nc3 c6 4.Bg5 Be7 5.e4 Qa5 6.Bd2 Qb6 7.Nf3 d5 8.e5 Nfd7 9.
Na4 Qd8 10.b4 b5 11.cxb5 cxb5 12.Bxb5 a6 13.Bd3 Nc6 14.a3 Na7 15.O-O Nb5 16.
Nc3 Nxc3 17.Bxc3 Nb6 18.Nd2 Bd7 19.Bc2 Rc8 20.Bb2 Bb5 21.Re1 O-O 22.Re3 Nc4
23.Nxc4 Bxc4 24.Rh3 g6 25.Bc1 f5 26.Bd3 Qb6 27.Bh6 Rf7 28.Rc1 Qxd4 29.Bxc4
Qxd1+ 30.Rxd1 Rxc4 31.Rhd3 Bf8 32.Be3 Rfc7 33.g3 h6 34.h4 Kh7 35.Rb3 Be7 36.
Rbb1 g5 37.h5 f4 38.Bd2 fxg3 39.fxg3 Re4 40.Rbc1 Rcc4 41.Rxc4 Rxc4 42.Rc1
Rxc1+ 43.Bxc1 Kg8 44.Kf2 Kf8 45.Ke3 Ke8 46.Kd4 Kd7 47.Kc3 Kc6 48.a4 Bf8 49.Ba3
Bg7 50.Kd4 Kb6 51.g4 Bf8 52.Kc3 Kb7 53.Kb3 Be7 54.Bb2 Kc6 55.Bd4 Bd8 56.Bc5
Bb6 57.Bf8 Bc7 58.Bxh6 Bxe5 59.Bxg5 d4 60.Kc4 Bh8 61.Bf4 e5 62.Bc1 e4 63.h6 e3
64.Kd3 Bf6 65.h7 Bg7 66.g5 Kd5 67.b5 axb5 68.axb5 Kc5 69.Bxe3 dxe3 70.Kxe3 Kd5
71.Kf4 Ke6 72.b6 Be5+ 73.Kg4 Kf7 74.Kf5 Bd4 1-0

[Event "XVI Cto Aragón Veteranos 2017 Grupo B"]
[Site ""]
[Date "2017.05.06"]
[Round "3"]
[White "Perez Sirera Jose Maria"]
[Black "Martinez Crespo Juan"]
[Result "0-1"]
[WhiteElo "1483"]
[BlackElo "1707"]

1.d4 d5 2.Nf3 Nf6 3.e3 e6 4.Bd3 c5 5.b3 Nc6 6.O-O cxd4 7.exd4 Bd6 8.Bb2 O-O 9.
Re1 Nb4 10.Be2 Qc7 11.c3 Nc6 12.Bd3 e5 13.dxe5 Nxe5 14.Nxe5 Bxe5 15.g3 Re8 16.
Bf1 Bg4 17.Qd2 Ne4 18.Qe3 Bd6 19.Qd3 Bc5 20.Rc1 Nxf2 21.Qxd5 Rad8 22.Qc4 Nd3+
23.Kg2 Qc6+ 0-1

[Event "XVI Cto Aragón Veteranos 2017 Grupo B"]
[Site ""]
[Date "2017.05.06"]
[Round "3"]
[White "Ruiz Gutierrez Jose Manuel"]
[Black "Garcia Artal Obdulio"]
[Result "0-1"]
[WhiteElo "1698"]
[BlackElo "1646"]

1.c4 e5 2.Nc3 d6 3.g3 Nf6 4.Bg2 Nc6 5.e3 Be7 6.Nge2 Bd7 7.O-O Qc8 8.Re1 O-O 9.
d4 exd4 10.Nxd4 Nxd4 11.exd4 Re8 12.Qb3 c6 13.a4 Bf8 14.Bg5 Rxe1+ 15.Rxe1 Ne8
16.a5 h6 17.Bf4 g5 18.Bd2 Bg7 19.Ne2 Nf6 20.f4 g4 21.a6 bxa6 22.Qa3 Rb8 23.Bc3
d5 24.Nc1 dxc4 25.Qc5 Nd5 26.Qxc4 Nxc3 27.bxc3 Be6 28.Qc5 Bd5 29.Nd3 Bf8 30.
Qxa7 Bxg2 31.Kxg2 Rb3 32.Ne5 Qf5 33.Qxa6 Rxc3 34.Qe2 Rc2 0-1

[Event "XVI Cto Aragón Veteranos 2017 Grupo B"]
[Site ""]
[Date "2017.05.06"]
[Round "3"]
[White "Gutierrez Lizarraga Manuel"]
[Black "Burillo Lazaro Amelia"]
[Result "1-0"]
[WhiteElo "1339"]
[BlackElo "1387"]

1.c4 g6 2.d4 Bg7 3.Nc3 d6 4.e3 Nd7 5.Nf3 c6 6.Be2 Ngf6 7.O-O O-O 8.e4 e5 9.d5
c5 10.Qd3 a6 11.a4 Re8 12.Bd2 Nh5 13.Qc2 Nf4 14.Be3 Nxe2+ 15.Qxe2 Nf6 16.h3
Nh5 17.Qd2 Qc7 18.Ne2 Bd7 19.Ng3 Nxg3 20.fxg3 a5 21.Ng5 Qc8 22.Nxf7 Qc7 23.Rf2
Re7 24.Nh6+ Bxh6 25.Bxh6 Rf7 26.Raf1 Rxf2 27.Qxf2 Bxa4 28.Qf8+ 1-0

[Event "XVI Cto Aragón Veteranos 2017 Grupo B"]
[Site ""]
[Date "2017.05.13"]
[Round "4"]
[White "Edeso Perez Francisco"]
[Black "Gonzalez Felez Jose Julian"]
[Result "0-1"]
[WhiteElo "1808"]
[BlackElo "2009"]

1.d4 Nf6 2.c4 e6 3.Nc3 Bb4 4.Nf3 d5 5.Qa4+ Nc6 6.a3 Bxc3+ 7.bxc3 O-O 8.Bg5 h6
9.Bxf6 Qxf6 10.e3 Bd7 11.Qb3 dxc4 12.Qxc4 Rfc8 13.Be2 Na5 14.Qb4 b6 15.O-O c5
16.Qb2 c4 17.Ne5 Be8 18.Qb4 Nb3 19.Rad1 b5 20.Qd6 Rab8 21.Ng4 Qg6 22.d5 Rd8
23.Qe5 Nc5 24.dxe6 Nxe6 25.Qg3 Ng5 26.Qc7 Qb6 27.Qxb6 axb6 28.f3 Ra8 29.Rxd8
Rxd8 30.Rd1 Ra8 31.Ra1 Ne6 32.Nf2 Nc5 33.Kf1 Bc6 34.Ke1 f5 35.Kd1 Kf8 36.h4 g6
37.Ke1 Re8 38.Nd1 Kg7 39.Kf2 g5 40.hxg5 hxg5 41.g3 Rh8 42.Kg2 Nb3 43.Ra2 Nc1
44.Rc2 Nxe2 45.Rxe2 g4 46.e4 gxf3+ 47.Kxf3 fxe4+ 48.Ke3 Ra8 49.Ra2 Kf6 50.Kf4
Ke6 51.Nf2 Rg8 52.Nh1 Rh8 53.Nf2 Rg8 54.Nh1 Rd8 55.Nf2 Kf6 56.Ra1 Rh8 57.Rf1
Rd8 58.Nxe4+ Ke6 59.Nf2 Rg8 60.Rc1 Rf8+ 61.Ke3 Kd5 62.Rd1+ Ke5 0-1

[Event "XVI Cto Aragón Veteranos 2017 Grupo B"]
[Site ""]
[Date "2017.05.13"]
[Round "4"]
[White "Brosa Soto Jesus"]
[Black "Cervera Soler Ramon"]
[Result "1-0"]
[WhiteElo "1967"]
[BlackElo "1445"]

1.c4 Nf6 2.Nc3 g6 3.g3 Bg7 4.Bg2 c6 5.e4 e5 6.Nge2 Na6 7.O-O Nc7 8.d4 Qe7 9.d5
d6 10.c5 O-O 11.dxc6 bxc6 12.cxd6 Qd8 13.dxc7 Qxc7 14.Be3 Rd8 15.Qc2 Ba6 16.
Rfd1 Qa5 17.Rxd8+ Rxd8 18.Rd1 Ng4 19.Rxd8+ Qxd8 20.Bxa7 h5 21.h3 Nh6 22.Be3
Kh7 23.Bf3 Bc8 24.Qd2 Qf6 25.Bg2 g5 26.Bxg5 1-0

[Event "XVI Cto Aragón Veteranos 2017 Grupo B"]
[Site ""]
[Date "2017.05.13"]
[Round "4"]
[White "Hernandez Delgado Gabriel"]
[Black "Lorente Latorre Antonio "]
[Result "1-0"]
[WhiteElo "1874"]
[BlackElo "1609"]

1.Nf3 Nf6 2.g3 d5 3.c4 c6 4.b3 Bf5 5.Bg2 Nbd7 6.Bb2 Qc7 7.cxd5 cxd5 8.Nc3 e6
9.Rc1 Qa5 10.a3 a6 11.b4 Qd8 12.Nh4 Bg6 13.Nxg6 hxg6 14.O-O Ng4 15.h3 Qg5 16.
e4 Nge5 17.d3 Nf6 18.exd5 Qf5 19.dxe6 fxe6 20.Ne4 Rd8 21.Bxe5 Qxe5 22.Re1 Qf5
23.Nc5 Bxc5 24.Rxc5 Nd5 25.Qe2 Kf7 26.d4 Rhe8 27.Qe5 b6 28.Rc6 Rc8 29.Qxf5+
gxf5 30.Rexe6 Ne7 31.Rxc8 Rxc8 32.Rxb6 Rc1+ 33.Kh2 Rd1 34.Rxa6 Rxd4 35.Bf3 Rd2
36.Kg2 g6 37.b5 Rb2 38.b6 g5 39.b7 g4 40.hxg4 fxg4 41.Be4 1-0

[Event "XVI Cto Aragón Veteranos 2017 Grupo B"]
[Site ""]
[Date "2017.05.13"]
[Round "4"]
[White "Arteaga Jimenez  Francisco"]
[Black "Marin Fuertes Angel Maria"]
[Result "1-0"]
[WhiteElo "1661"]
[BlackElo "1747"]

1.d4 Nf6 2.c4 d5 3.cxd5 Nxd5 4.e4 Nf6 5.f3 e6 6.a3 Be7 7.Nc3 O-O 8.Be3 a6 9.
Qd2 Nbd7 10.Nge2 c5 11.Rd1 cxd4 12.Bxd4 Qc7 13.g4 b5 14.b4 Bb7 15.Rc1 Qb8 16.
h4 Rd8 17.Qb2 Ne5 18.Bxe5 Qxe5 19.Rh3 Rac8 20.h5 Ne8 21.f4 Qb8 22.Bg2 Nd6 23.
Rd1 Nc4 24.Qa1 Qa7 25.Rxd8+ Rxd8 26.Qc1 e5 27.Nd5 Bxd5 28.exd5 exf4 29.Qxf4
Bd6 30.Qg5 f6 31.Qf5 Re8 32.Be4 Rxe4 33.Qxe4 Be5 34.Rd3 Qe7 35.Kf2 Nd6 36.Qf3
Qc7 37.Kg2 Nc4 38.Nd4 Bxd4 39.Rxd4 Ne5 40.Qe4 Qc3 41.d6 Qb2+ 42.Kg3 Qc3+ 43.
Rd3 Qc8 44.d7 Qd8 45.Rd6 Kf7 46.Qd5+ Kf8 47.Rxa6 Qxd7 48.Qxd7 Nxd7 49.Ra5 1-0

[Event "XVI Cto Aragón Veteranos 2017 Grupo B"]
[Site ""]
[Date "2017.05.13"]
[Round "4"]
[White "Navarro Rubio Rafael"]
[Black "Pellicer Sancho Rafael"]
[Result "1-0"]
[WhiteElo "1651"]
[BlackElo "1705"]

1.d4 Nf6 2.Nc3 g6 3.e4 d6 4.Bg5 Bg7 5.e5 dxe5 6.dxe5 Qxd1+ 7.Rxd1 Ng8 8.f4 c6
9.Bc4 Bf5 10.Rd2 Nd7 11.Nf3 b5 12.Bb3 a5 13.a4 b4 14.Nd1 Nc5 15.Nf2 Nxb3 16.
cxb3 Bh6 17.O-O Be6 18.Nd4 Bd5 19.Rc1 Rc8 20.Rc5 f6 21.Bxh6 Nxh6 22.Rxa5 c5
23.Rc2 fxe5 24.fxe5 e6 25.Rcxc5 Rxc5 26.Rxc5 Kd7 27.Rb5 Rc8 28.h3 Rc1+ 29.Kh2
Rf1 30.Ng4 Nxg4+ 31.hxg4 Rf2 32.Rxb4 Rxg2+ 33.Kh3 Rxb2 34.Rb6 Rd2 35.Rd6+ Kc8
36.Nxe6 Bg2+ 37.Kg3 Rxd6 38.exd6 Bc6 39.Nc5 h5 40.gxh5 gxh5 41.b4 Bxa4 42.Nxa4
Kd7 43.Kh4 Kxd6 44.Kxh5 Kc6 45.Nc3 Kd6 46.Kg5 Ke5 47.Kg4 Ke6 48.Kf4 Kd6 49.Ke4
Ke6 50.Kd4 Kd6 51.b5 Kc7 52.Kc5 Kb7 53.Nd5 Kc8 54.Kc6 Kb8 55.Kb6 Ka8 56.Kc7
1-0

[Event "XVI Cto Aragón Veteranos 2017 Grupo B"]
[Site ""]
[Date "2017.05.13"]
[Round "4"]
[White "Martinez Crespo Juan"]
[Black "Garcia Artal Obdulio"]
[Result "0-1"]
[WhiteElo "1707"]
[BlackElo "1646"]

1.e4 e5 2.Nf3 d6 3.d4 Nc6 4.c3 Nf6 5.Bd3 Be7 6.O-O Bg4 7.Be3 O-O 8.Nbd2 h6 9.
Qb3 b6 10.Rac1 Bxf3 11.Nxf3 Nd7 12.Qd5 Na5 13.a3 c6 14.Qa2 Nb7 15.Rfd1 Qc7 16.
b4 b5 17.Qd2 Nf6 18.h3 a6 19.g4 c5 20.g5 hxg5 21.Nxg5 exd4 22.cxd4 c4 23.Bf4
Qd8 24.Bb1 Nh5 25.h4 Nxf4 26.Qxf4 Bxg5 27.hxg5 g6 28.e5 dxe5 29.dxe5 Qe7 30.
Rd5 Rad8 31.Rcd1 Rxd5 32.Rxd5 Rd8 33.Be4 Rxd5 34.Bxd5 Nd8 35.Qe3 Ne6 36.f4 Qd7
37.Bxe6 Qxe6 38.Kf2 Qd5 39.Ke2 Qg2+ 40.Qf2 Qxf2+ 41.Kxf2 Kf8 42.Ke3 Ke7 43.Kd4
Ke6 44.a4 Kf5 45.axb5 axb5 46.Ke3 c3 47.Kd3 Kxf4 48.Kxc3 Kxe5 49.Kd3 Kf5 50.
Kd4 Kxg5 51.Kc5 f5 52.Kxb5 f4 53.Kc4 Kf5 54.Kd4 Ke6 55.b5 Kd6 0-1

[Event "XVI Cto Aragón Veteranos 2017 Grupo B"]
[Site ""]
[Date "2017.05.13"]
[Round "4"]
[White "Cortes Sobrevilla Cecilio"]
[Black "Lopez Carcas Jesus"]
[Result "1-0"]
[WhiteElo "1570"]
[BlackElo "1370"]

1.d4 d5 2.Nf3 h6 3.e3 Bg4 4.Be2 c6 5.Nbd2 Qc7 6.b3 Nd7 7.c4 e5 8.Bb2 Bxf3 9.
Bxf3 e4 10.Bg4 Ngf6 11.Bh3 Bb4 12.a3 Bd6 13.g3 O-O-O 14.cxd5 Nxd5 15.Nxe4 Kb8
16.O-O g5 17.Bg2 f5 18.Nxd6 Qxd6 19.b4 Rhf8 20.Qd2 N7b6 21.Qc2 Rc8 22.Bc1 f4
23.e4 Ne7 24.Qd3 Rcd8 25.Rd1 Ng6 26.Qb3 Ne5 27.Bb2 Ng6 28.e5 Qc7 29.a4 f3 30.
Bxf3 Nd5 31.b5 Rxf3 32.Qxf3 Rf8 33.Qe2 Re8 34.Qh5 Qg7 35.bxc6 bxc6 36.Ba3 Re6
37.Bd6+ Kc8 38.Rab1 Nb6 39.a5 Nd7 40.Qf3 Ne7 41.Rdc1 Kd8 42.Rxc6 g4 43.Qc3 Qg6
44.Rc1 Ke8 45.Rc8+ Kf7 46.Rc7 Ke8 47.Rc8+ Kf7 48.Qc7 Qg5 49.Qxd7 Rxd6 50.Qe8+
Kg7 51.exd6 Nxc8 52.Rc7+ Kf6 53.Qf7# 1-0

[Event "XVI Cto Aragón Veteranos 2017 Grupo B"]
[Site ""]
[Date "2017.05.13"]
[Round "4"]
[White "Lasierra Arceiz Javier"]
[Black "Gutierrez Lizarraga Manuel"]
[Result "0-1"]
[WhiteElo "1500"]
[BlackElo "1339"]

1.e4 c5 2.Nf3 d6 3.Be2 Nc6 4.O-O e6 5.d3 Nf6 6.h3 Be7 7.Nh2 Nd4 8.Nc3 h6 9.Be3
Nxe2+ 10.Nxe2 Qc7 11.f4 Bd7 12.Ng3 O-O-O 13.f5 Rdf8 14.c4 Bc6 15.Qe1 Nd7 16.
Nh5 Bf6 17.Nxf6 Nxf6 18.b4 b6 19.b5 Bb7 20.a4 e5 21.a5 Kd7 22.a6 Ba8 23.g4 Qd8
24.Nf3 g5 25.Qg3 Qc7 26.Kf2 Bxe4 27.Ke2 Ba8 28.Rad1 e4 29.dxe4 Nxe4 30.Qe1 Re8
31.Rd3 f6 32.h4 Re7 33.Kd1 Rhe8 34.Nd2 Kc8 35.Nxe4 Bxe4 36.Rc3 d5 37.cxd5 Bxd5
38.hxg5 hxg5 39.Rg1 Qd7 40.Kc1 Qxb5 41.Qd2 Be4 42.Kd1 Rd7 43.Bd4 Kb8 44.Qc1
Rxd4+ 45.Ke1 Bg2+ 46.Kf2 Qe2+ 47.Kg3 Rxg4+ 0-1

[Event "XVI Cto Aragón Veteranos 2017 Grupo B"]
[Site ""]
[Date "2017.05.13"]
[Round "4"]
[White "Codina Escudero Juan"]
[Black "Otal Bornau Jose Miguel"]
[Result "0-1"]
[WhiteElo "1347"]
[BlackElo "1493"]

1.d4 Nf6 2.c4 g6 3.Nc3 Bg7 4.Bg5 O-O 5.h3 d6 6.e3 Na6 7.c5 d5 8.Bxa6 bxa6 9.
Nf3 Bf5 10.O-O Ne4 11.Nxe4 Bxe4 12.Rc1 c6 13.b4 f6 14.Bf4 g5 15.Bg3 Qe8 16.Nd2
Bg6 17.Qa4 Qc8 18.Qb3 Bf7 19.Qc2 e5 20.dxe5 fxe5 21.Nf3 Bg6 22.Qb3 Rxf3 23.
gxf3 Qxh3 24.e4 Bf7 25.Qe3 Qe6 26.a3 d4 27.Qd2 h6 28.Ra1 Qf6 29.Kg2 h5 30.Qe2
h4 31.Bh2 Be6 32.Rh1 Qg6 33.Qxa6 h3+ 34.Kf1 Qf7 35.Qxc6 Bc4+ 36.Ke1 Rd8 37.Rd1
Qxf3 38.Kd2 Qc3# 0-1

[Event "XVI Cto Aragón Veteranos 2017 Grupo B"]
[Site ""]
[Date "2017.05.13"]
[Round "4"]
[White "Serra Casas Jaime"]
[Black "Ferruz Martinez Rafael"]
[Result "1-0"]
[WhiteElo "1465"]
[BlackElo "1301"]

1.e4 c6 2.d4 d5 3.e5 Bf5 4.Nc3 e6 5.a3 Nd7 6.Be2 Qc7 7.f4 h6 8.Nf3 Be7 9.b4 f6
10.Nh4 O-O-O 11.Nxf5 exf5 12.Bd3 fxe5 13.dxe5 Nxe5 14.Bxf5+ Kb8 15.O-O Nd7 16.
Ne2 Bf6 17.Rb1 Ne7 18.Bh3 Ka8 19.Kh1 Nb6 20.Nd4 Rd6 21.f5 Nc4 22.Re1 Be5 23.
Ne6 Qb6 24.Qf3 Bc3 25.Qxc3 Qf2 26.Be3 Nxe3 27.Qxe3 Qxe3 28.Rxe3 Kb8 29.Nxg7
Nc8 30.Re8 Rh7 31.f6 Rxf6 32.Rxc8# 1-0

[Event "XVI Cto Aragón Veteranos 2017 Grupo B"]
[Site ""]
[Date "2017.05.13"]
[Round "4"]
[White "Beltran Langarita Alfredo"]
[Black "Perez Sirera Jose Maria"]
[Result "0-1"]
[WhiteElo "1697"]
[BlackElo "1483"]

1.d4 d5 2.Nf3 Nf6 3.g3 e6 4.Bg2 Bd6 5.O-O O-O 6.Re1 b6 7.Bg5 Nbd7 8.Nbd2 Bb7
9.e4 dxe4 10.Nxe4 Be7 11.Nxf6+ Nxf6 12.c3 h6 13.Bf4 Rc8 14.Qa4 a5 15.Rad1 Nd7
16.a3 c5 17.dxc5 Nxc5 18.Qc2 Qe8 19.Bd6 Ba8 20.Bxe7 Qxe7 21.Rd4 Rfd8 22.Red1
Rxd4 23.Rxd4 Qf6 24.Rf4 Qd8 25.Rd4 Qf6 26.Nh4 e5 27.Rd1 Qe6 28.Bxa8 Rxa8 29.
Nf3 g6 30.Re1 e4 31.Nd4 Qd5 32.b4 Nd3 33.Rd1 axb4 34.axb4 Ra2 35.c4 Rxc2 36.
cxd5 Rxf2 37.Rxd3 Rb2 38.Re3 f5 39.Nc6 Kf8 40.g4 Rd2 41.gxf5 gxf5 42.Rh3 Rxd5
43.Rxh6 Kg7 44.Re6 Kf7 45.Re7+ Kf6 46.Re8 Kf7 47.Re5 Rd1+ 48.Kg2 Kf6 49.Rb5 f4
50.h4 Rd2+ 51.Kg1 e3 52.Kf1 f3 53.Ke1 f2+ 54.Kf1 Rd1+ 0-1

[Event "XVI Cto Aragón Veteranos 2017 Grupo B"]
[Site ""]
[Date "2017.05.13"]
[Round "4"]
[White "Burillo Lazaro Amelia"]
[Black "Ruiz Gutierrez Jose Manuel"]
[Result "0-1"]
[WhiteElo "1387"]
[BlackElo "1698"]

1.d4 Nf6 2.Nf3 c5 3.e3 g6 4.c4 Bg7 5.Nc3 O-O 6.Be2 b6 7.O-O Bb7 8.Bd3 d5 9.Qe2
Nc6 10.Rd1 cxd4 11.exd4 Nb4 12.Bb1 dxc4 13.a3 Nd3 14.Bxd3 cxd3 15.Qxd3 e6 16.
Bg5 Rc8 17.h3 h6 18.Bf4 Nd5 19.Bh2 a6 20.Ne4 Rc6 21.Ne5 Bxe5 22.Bxe5 f5 23.Nd2
Qg5 24.Nf3 Nf4 25.Bxf4 Qxf4 26.Ne5 Rc7 27.Qg3 Qxg3 28.fxg3 Rc2 29.Nf3 Bxf3 30.
gxf3 Rxb2 31.Rab1 Rxb1 32.Rxb1 b5 33.Rc1 Kf7 34.Rc6 Rd8 35.Rxa6 Rxd4 36.Kf2
Ra4 37.Rxa4 bxa4 38.f4 e5 39.fxe5 Ke6 40.Ke3 Kxe5 41.Kd3 f4 42.g4 g5 43.Kc3 f3
44.Kd2 Kf4 45.Ke1 Ke3 46.Kf1 Kd3 47.Kf2 Kc3 48.Kxf3 Kb3 49.Ke2 Kxa3 50.Kd2 Kb2
0-1

[Event "XVI Cto Aragón Veteranos 2017 Grupo B"]
[Site ""]
[Date "2017.05.20"]
[Round "5"]
[White "Gonzalez Felez Jose Julian"]
[Black "Sarto Ramos Angel"]
[Result "0-1"]
[WhiteElo "2009"]
[BlackElo "1869"]

1.b3 e5 2.Bb2 Nc6 3.e3 Nf6 4.Bb5 Bd6 5.Na3 a6 6.Bxc6 dxc6 7.Nc4 e4 8.Ne2 b5 9.
Nxd6+ cxd6 10.d3 d5 11.dxe4 Nxe4 12.O-O O-O 13.Nf4 Bf5 14.f3 Nf6 15.Qd2 Qe7
16.Rfe1 Rfe8 17.Re2 Rad8 18.Rae1 Qd6 19.g4 Bg6 20.h4 h5 21.gxh5 Nxh5 22.Nxg6
fxg6 23.Rg2 Re6 24.f4 Qe7 25.Rf1 Rxe3 26.f5 Rg3 27.Rxg3 Nxg3 28.f6 Qe4 29.f7+
Kh7 30.Rf4 Ne2+ 31.Qxe2 Qxe2 32.f8=Q Rxf8 33.Rxf8 Qe1+ 34.Kg2 Qxh4 35.Rf7 Qe4+
36.Kg3 d4 37.Bc1 0-1

[Event "XVI Cto Aragón Veteranos 2017 Grupo B"]
[Site ""]
[Date "2017.05.20"]
[Round "5"]
[White "Arteaga Jimenez Francisco"]
[Black "Brosa Soto Jesus"]
[Result "0-1"]
[WhiteElo "1661"]
[BlackElo "1967"]

1.d4 d6 2.e4 g6 3.f3 Bg7 4.Be3 Nc6 5.c3 e5 6.d5 Nce7 7.g4 f5 8.Be2 Nf6 9.Nd2
O-O 10.Nh3 f4 11.Bf2 h5 12.Ng1 Qd7 13.g5 Nh7 14.h4 Rd8 15.Qb3 a6 16.c4 b6 17.
Bd3 Qe8 18.Ne2 Bd7 19.Nc3 Rdb8 20.a4 Nc8 21.Ke2 Bf8 22.Qc2 a5 23.Nb5 Rb7 24.b3
Be7 25.Rag1 Nf8 26.Nb1 c6 27.dxc6 Bxc6 28.N1c3 Ne6 29.Nd5 Kg7 30.Qb2 Bd8 31.
Rd1 Bxd5 32.cxd5 Nc5 33.Bxc5 bxc5 34.Rc1 Rab8 35.Qd2 Bb6 36.Qd1 Bd8 37.Qf1 Qe7
38.Qh3 Na7 39.Nxa7 Rxa7 40.Bb5 Rab7 41.Rc3 Bb6 42.Kd3 Ba7 43.Rb1 Rc7 44.Kc2
Qf7 45.Rc4 Re7 46.Qf1 Qf8 47.Qe1 Qd8 48.Kd3 Bb6 49.Qf1 Qc8 50.Qh1 Ba7 51.Qg2
Reb7 52.Rc3 Rxb5 53.axb5 Qd7 54.Ra1 Qxb5+ 55.Kc2 c4 56.Rb1 a4 57.b4 Bd4 58.Ra3
c3 59.Qh2 Bc5 60.Rxc3 Bxb4 61.Rc7+ Kf8 62.Qf2 Rb7 63.Rxb7 Qxb7 64.Qe2 Qb6 65.
Kd1 Qd4+ 66.Kc2 Qc3+ 67.Kd1 Ba5 68.Rb8+ Ke7 69.Rb7+ Kd8 70.Rb2 a3 71.Rb1 Qd4+
72.Kc1 Qc3+ 73.Kd1 Qd4+ 74.Kc2 a2 0-1

[Event "XVI Cto Aragón Veteranos 2017 Grupo B"]
[Site "ZARAGOZA"]
[Date "2017.05.20"]
[Round "5"]
[White "Navarro Rubio Rafael"]
[Black "Hernandez Delgado Gabriel"]
[Result "0-1"]
[WhiteElo "1651"]
[BlackElo "1874"]

1.d4 c5 2.d5 g6 3.e4 Bg7 4.Nf3 d6 5.Bd3 Nf6 6.O-O Bg4 7.h3 Bxf3 8.Qxf3 Nbd7 9.
Nc3 O-O 10.Be3 a6 11.a4 b6 12.Qe2 Qc8 13.f4 Ne8 14.h4 Ndf6 15.f5 Nd7 16.Qd2
Ne5 17.Be2 Nf6 18.Bg5 Kh8 19.Bxf6 Bxf6 20.h5 g5 21.h6 c4 22.g4 Qc5+ 23.Kg2
Rfb8 24.Rh1 b5 25.axb5 axb5 26.Rxa8 Rxa8 27.Nd1 b4 28.Rh5 c3 29.bxc3 bxc3 30.
Qxc3 Qxc3 31.Nxc3 Rc8 32.Rh3 Nd7 33.Bb5 Nf8 34.Bc6 Nd7 35.Nb5 Ne5 36.Na7 Rb8
37.Kg3 Nc4 38.Nb5 Nd2 39.Kf2 Nxe4+ 40.Ke2 Be5 41.c4 Ng3+ 42.Kd3 Rb6 43.Nd4 Ra6
44.Nc2 Rb6 45.Bb5 Rb8 46.Ne1 Ra8 47.Nc2 Ra2 48.Ne1 Ra3+ 49.Kc2 Rc3+ 50.Kd1 Bf4
51.Nc2 Rd3+ 52.Ke1 Bd2+ 53.Kd1 Bc3+ 0-1

[Event "XVI Cto Aragón Veteranos 2017 Grupo B"]
[Site ""]
[Date "2017.05.20"]
[Round "5"]
[White "Garcia Artal Obdulio"]
[Black "Orti Stock Carlos"]
[Result "1/2-1/2"]
[WhiteElo "1646"]
[BlackElo "1898"]

1.e4 e5 2.d3 Nc6 3.Nd2 Bc5 4.Ngf3 d6 5.g3 Nf6 6.Bg2 Bb6 7.O-O Be6 8.c3 Qd7 9.
Ng5 Bg4 10.Ngf3 Ne7 11.Nc4 h6 12.Nxb6 axb6 13.Bd2 O-O 14.Qc1 Kh7 15.h4 Ng6 16.
Nh2 Bh3 17.f4 Bxg2 18.Kxg2 Ng4 19.f5 Nxh2 20.fxg6+ fxg6 21.Kxh2 Qb5 22.Qc2 Qc5
23.Kg2 Rxf1 24.Rxf1 Rxa2 25.Bc1 Ra8 26.Rf7 d5 27.Qf2 Qd6 28.h5 dxe4 29.hxg6+
Qxg6 30.dxe4 Qxe4+ 31.Kh2 Ra1 32.Qd2 Qg6 33.Rf2 e4 34.Rf1 Qg4 35.Qf4 Qe2+ 36.
Rf2 Qe1 37.Rf1 Qe2+ 38.Kh3 Qh5+ 39.Qh4 Qe2 40.Qf4 Ra5 41.Rf2 Rh5+ 42.Kg2 Qe1
43.Rf1 Qe2+ 44.Rf2 Qe1 1/2-1/2

[Event "XVI Cto Aragón Veteranos 2017 Grupo B"]
[Site ""]
[Date "2017.05.20"]
[Round "5"]
[White "Otal Bornau Jose Miguel"]
[Black "Marin Fuertes Angel Maria"]
[Result "0-1"]
[WhiteElo "1493"]
[BlackElo "1747"]

1.e4 d5 2.exd5 Nf6 3.Be2 Nxd5 4.Nf3 Bg4 5.h3 Bh5 6.g4 Bg6 7.d3 Nc6 8.Bd2 e6 9.
Nc3 Be7 10.h4 h5 11.g5 Qd7 12.a3 O-O-O 13.d4 a6 14.b4 Na7 15.Ne5 Nxc3 16.Bxc3
Qd5 17.f3 Nc6 18.Bc4 Qd6 19.Nxc6 Qxc6 20.Qe2 b5 21.O-O Qxc4 22.Qe3 Bxc2 23.
Rfc1 Qd3 24.Bd2 Qxe3+ 25.Bxe3 Bb3 26.Rc3 Bc4 27.Rb1 Kb7 28.a4 Rd5 29.Kf2 f6
30.f4 Rf5 31.Kg3 fxg5 32.hxg5 Bd6 33.Kf3 Bd5+ 34.Ke2 Bxf4 35.Bxf4 Rxf4 36.Rbc1
c6 37.axb5 axb5 38.Ra1 Ra8 39.Rca3 Rxa3 40.Rxa3 Rxd4 0-1

[Event "XVI Cto Aragón Veteranos 2017 Grupo B"]
[Site ""]
[Date "2017.05.20"]
[Round "5"]
[White "Cervera Soler Ramon"]
[Black "Cortes Sobrevilla Cecilio"]
[Result "0-1"]
[WhiteElo "1445"]
[BlackElo "1570"]

1.d4 c6 2.c4 d6 3.Nc3 Nd7 4.Nf3 Ngf6 5.e4 e5 6.d5 Be7 7.Bd3 O-O 8.O-O Re8 9.
Nh4 Nxd5 10.exd5 Bxh4 11.Ne4 Nf8 12.Qh5 Be7 13.f4 f5 14.Ng3 e4 15.Bc2 g6 16.
Qd1 Bf6 17.Rb1 Qa5 18.dxc6 Qb6+ 19.Kh1 Qxc6 20.Ba4 Qa6 21.Bxe8 Qxa2 22.Be3 Be6
23.Qa4 Qxc4 24.Qxc4 Bxc4 25.Rfc1 Bd3 26.Ba4 Bxb1 27.Rxb1 a6 28.Bb3+ Kg7 29.Bd5
a5 30.Ne2 Rc8 31.Bxb7 Rb8 32.Bd5 Rxb2 33.Rxb2 Bxb2 34.Bd4+ Bxd4 35.Nxd4 Nd7
36.Nb5 Nb6 37.Be6 d5 38.Kg1 Kf6 39.Nc7 d4 40.Kf1 a4 41.Bg8 d3 42.Ke1 Kg7 43.
Ba2 Kf6 44.Nb5 Nd7 45.Bg8 Nc5 46.Bd5 Ke7 47.Na3 Kd6 48.Bg8 Ne6 49.g3 Ke7 50.h4
h5 51.Nb5 Kd7 52.Bf7 Nf8 53.Bd5 Ne6 54.Kd2 Nc7 0-1

[Event "XVI Cto Aragón Veteranos 2017 Grupo B"]
[Site ""]
[Date "2017.05.20"]
[Round "5"]
[White "Gutierrez Lizarraga Manuel"]
[Black "Martinez Crespo Juan"]
[Result "0-1"]
[WhiteElo "1339"]
[BlackElo "1707"]

1.c4 e5 2.Nc3 Nf6 3.Nf3 Nc6 4.d4 exd4 5.Nxd4 Bc5 6.Nxc6 bxc6 7.e3 O-O 8.Be2
Bb7 9.O-O d5 10.Qc2 Qe7 11.Na4 dxc4 12.Bxc4 Bd6 13.Bd3 Bxh2+ 14.Kh1 Qe5 15.f4
Qh5 16.Qd1 Ng4 17.Qxg4 Qxg4 18.Kxh2 c5 19.e4 c4 20.Nc5 Qh5+ 0-1

[Event "XVI Cto Aragón Veteranos 2017 Grupo B"]
[Site ""]
[Date "2017.05.20"]
[Round "5"]
[White "Perez Sirera Jose Maria"]
[Black "Lasierra Arceiz Javier"]
[Result "1/2-1/2"]
[WhiteElo "1483"]
[BlackElo "1500"]

1.d4 d5 2.Nf3 Bg4 3.Nbd2 e6 4.e3 a6 5.Be2 Nf6 6.O-O c5 7.b3 b5 8.c4 b4 9.a3
Nc6 10.Bb2 a5 11.Qc1 Ne4 12.cxd5 Qxd5 13.Bb5 Rc8 14.Ne5 Nxd2 15.Qxd2 Bf5 16.
Bxc6+ Rxc6 17.Nxc6 c4 18.bxc4 Qxc6 19.c5 Qb5 20.axb4 a4 21.Rfc1 Be7 22.Qc3 O-O
23.Qc4 Bd3 24.Qxb5 Bxb5 25.Ba3 f5 26.g3 g5 27.h3 h5 28.Rc3 Kh7 29.Rac1 Bc6 30.
Rb1 Bb5 31.Rd1 Bc6 32.Rdc1 Kg6 33.b5 Bxb5 34.c6 Bxa3 35.Rxa3 Rc8 36.c7 Kf6 37.
Rc5 Bd7 38.Rac3 Ke7 39.f3 Kd6 40.e4 g4 41.Kg2 gxh3+ 42.Kh2 fxe4 43.fxe4 Ke7
44.Rxh5 Kd6 45.Rhc5 Ke7 46.d5 e5 47.Rc1 Kd6 48.R5c3 Ke7 49.Rb1 Bg4 50.Rb8 Kd7
51.Rxc8 Kxc8 52.d6 Kb7 53.Rc5 Bd7 54.Rxe5 Kc6 55.Ra5 Kxd6 56.Rd5+ Kxc7 57.e5
Kc6 58.Ra5 Kb6 59.Ra8 Kc5 60.e6 Bxe6 61.Rxa4 Kd5 62.Rh4 Ke5 63.g4 Kf4 64.Kxh3
Kg5 65.Rh5+ Kg6 66.Kh4 Bf7 67.g5 Kf5 68.Rh6 Be8 69.Rf6+ Ke5 70.Kg4 Bd7+ 71.Kg3
Be8 72.Rf8 Bh5 73.Kh4 Bg6 74.Ra8 Ke6 75.Kg4 Kf7 76.Kf4 Ke6 77.Ra6+ Kf7 78.Ke5
Bh5 79.Rf6+ Kg7 80.Kd6 Bf7 81.Ke7 Bh5 82.Ra6 1/2-1/2

[Event "XVI Cto Aragón Veteranos 2017 Grupo B"]
[Site ""]
[Date "2017.05.20"]
[Round "5"]
[White "Ruiz Gutierrez Jose Manuel"]
[Black "Codina Escudero Juan"]
[Result "1-0"]
[WhiteElo "1698"]
[BlackElo "1347"]

1.c4 e6 2.g3 c6 3.Bg2 d5 4.Nf3 Nf6 5.O-O Bc5 6.d4 Bd6 7.Nc3 h6 8.Re1 O-O 9.Rb1
Nbd7 10.Nd2 a6 11.b4 b5 12.c5 Bc7 13.e4 a5 14.a3 axb4 15.axb4 Nb8 16.exd5 exd5
17.Bb2 Bf5 18.Ra1 Na6 19.Qb3 Re8 20.h3 Bd3 21.Nxd5 Bc4 22.Nxf6+ Qxf6 23.Nxc4
bxc4 24.Qxc4 Rxe1+ 25.Rxe1 Nb8 26.b5 Ba5 27.Re8+ Kh7 28.Qb3 Bc7 29.Be4+ g6 30.
d5 Qg5 31.Rh8# 1-0

[Event "XVI Cto Aragón Veteranos 2017 Grupo B"]
[Site ""]
[Date "2017.05.20"]
[Round "5"]
[White "Lopez Carcas Jesus"]
[Black "Ferruz Martinez Rafael"]
[Result "0-1"]
[WhiteElo "1370"]
[BlackElo "1301"]

1.e4 c6 2.f4 d5 3.e5 Bf5 4.d4 e6 5.Nf3 Bg4 6.Be2 Nd7 7.Qd3 f5 8.b3 Ne7 9.Ng5
Bxe2 10.Qxe2 Ng6 11.Nxe6 Qb6 12.c3 c5 13.Nxc5 Nxc5 14.dxc5 Bxc5 15.Na3 a6 16.
g3 O-O-O 17.Bd2 Bxa3 18.b4 d4 19.Qc4+ Qc6 20.Qb3 Qxh1+ 21.Ke2 Qxh2+ 22.Kf3
Qxd2 23.Qxa3 dxc3 24.Rc1 Rd3# 0-1